书目信息 |
| 题名: |
把人民装在心中
|
|
| 作者: | 薛俊生 主编 | |
| 分册: | ||
| 出版信息: | 北京 航空工业出版社 2018 |
|
| 页数: | 257页 | |
| 开本: | 24cm | |
| 丛书名: | ||
| 单 册: | ||
| 中图分类: | D252 | |
| 科图分类: | ||
| 主题词: | ||
| 电子资源: | ||
| ISBN: | 978-7-5165-1410-8 | |
| 000 | 00926nam0 2200253 450 | |
| 001 | 012001000261 | |
| 005 | 20140920091301.0 | |
| 010 | @a978-7-5165-1410-8@dCNY48.00 | |
| 100 | @a20180315d2018 em y0chiy50 ea | |
| 101 | 0 | @achi |
| 102 | @aCN@b110000 | |
| 105 | @ay z 000yy | |
| 106 | @ar | |
| 200 | 1 | @a把人民装在心中@9Ba Ren Min Zhuang Zai Xin Zhong@f薛俊生主编 |
| 210 | @a北京@c航空工业出版社@d2018 | |
| 215 | @a257页@d24cm | |
| 314 | @a薛俊生,现就职于吉林工商学院马克思主义学院,副院长。毕业于东北师范大学中共党史专业,获法学硕士学位。 | |
| 330 | @a本书从以人民为中心、人民立场、民心、民众获得感等方面,系统阐述了以人民为中心的发展思想。 | |
| 512 | 1 | @a把人民装在心中@9Ba Ren Min Zhuang Zai Xin Zhong@e与党员干部谈人民立场 |
| 601 | 02 | @a中国共产党@x群众路线@j学习参考资料 |
| 690 | @aD252@v5 | |
| 701 | 0 | @a薛俊生@9Xue Jun Sheng@4主编 |
| 801 | 0 | @aCN@b上海新华@c20180901 |
| 905 | @b1041293-97@dD252@e232@f5 | |
| 把人民装在心中/薛俊生主编.-北京:航空工业出版社,2018 |
| 257页;24cm |
| ISBN 978-7-5165-1410-8:CNY48.00 |
| 本书从以人民为中心、人民立场、民心、民众获得感等方面,系统阐述了以人民为中心的发展思想。 |
| ● |
| 相关链接 |
|
|
|
|
正题名:把人民装在心中
索取号:D252/232
 
预约/预借
| 序号 | 登录号 | 条形码 | 馆藏地/架位号 | 状态 | 备注 |
| 1 | 1041293 | 210412935 | 第一样本阅览室/ [索取号:D252/232] | 在馆 | |
| 2 | 1041294 | 210412944 | 第一借阅区/ [索取号:D252/232] | 在馆 | |
| 3 | 1041295 | 210412953 | 第一借阅区/ [索取号:D252/232] | 在馆 | |
| 4 | 1041296 | 210412962 | 第一借阅区/ [索取号:D252/232] | 在馆 | |
| 5 | 1041297 | 210412971 | 密集书库-史法系/ [索取号:D252/232] | 在馆 |